000 01321cam a22003372i 4500
001 955424
003 YEEZEN
005 20260127142357.0
008 241022s2024 ch e 000 0 chi d
020 _a9786264060172
_q(平裝) :
_cNT$500
040 _aCIP
_dYMG
_bchi
_cCIP
042 _anbic
090 _a521.57
_b835
100 1 _a費德
_c(Fadel, Charles)
_e
245 1 0 _aAI時代的教育 :
_b面對瞬息萬變的模糊未來,孩子為何而學、要學什麼、如何去學 /
_c查爾斯.費德(Charles Fadel), 亞歷克西斯.布萊克(Alexis Black), 羅比.泰勒(Robbie Taylor), 珍妮特.斯勒辛斯基(Janet Slesinski), 凱蒂.鄧恩(Katie Dunn)著; 謝儀霏譯
250 _a第一版
260 _a臺北市 :
_b親子天下,
_c2024.09
300 _a287面 ;
_b圖 :
_c23公分
504 _a參考書目
650 7 _2lcstt
_a電腦輔助教學
650 7 _2lcstt
_a人工智慧
650 7 _2lcstt
_a教學設計
650 7 _2lcstt
_a教學法
700 1 _a布萊克
_c(Black, Alexis)
700 1 _a泰勒
_c(Taylor, Robbie)
700 1 _a斯勒辛斯基
_c(Slesinski, Janet)
700 1 _a鄧恩
_c(Dunn, Katie)
700 1 _a謝儀霏
_e
765 0 _aEducation for the Age of AI :
_bWhy, What and How should students learn for the age of Artificial Intelligence.
942 _2ccl
_cBOOK
999 _c7691
_d7691